[Event "Hastings Masters"]
[Site "Hastings, England"]
[Date "2014.12.29"]
[Round "1.51"]
[White "Kalaiyalahan, Akshaya"]
[Black "Othman, Mustapha"]
[Result "0-1"]
[WhiteElo "2080"]
[BlackElo "1973"]
[PlyCount "48"]
[EventDate "2014.??.??"]

1. d4 Nf6 2. Nf3 g6 3. g3 Bg7 4. Bg2 O-O 5. O-O d5 6. c4 c5 7. dxc5 Na6 8. Nc3
dxc4 9. Qxd8 Rxd8 10. c6 Nb4 11. Ne5 Nxc6 12. Nxc6 bxc6 13. Bxc6 Rb8 14. Bf4
Rxb2 15. Na4 Rxe2 16. Bf3 Bg4 17. Bxe2 Bxe2 18. Rfe1 Nd5 19. Rac1 Nxf4 20. gxf4
Rd2 21. Nc3 Bd3 22. Rxe7 Bd4 23. a4 Rxf2 24. Kh1 Bf1 0-1

[Event "Hastings Masters"]
[Site "Hastings, England"]
[Date "2014.12.29"]
[Round "1.53"]
[White "Evans, Helen I"]
[Black "Liang, Jake Z"]
[Result "0-1"]
[WhiteElo "1621"]
[BlackElo "1953"]
[PlyCount "56"]
[EventDate "2014.??.??"]

1. e4 c5 2. Nc3 Nc6 3. g3 g6 4. Bg2 Bg7 5. d3 e6 6. Be3 Nd4 7. Nh3 Ne7 8. O-O
O-O 9. Qd2 d6 10. Bh6 b5 11. Bxg7 Kxg7 12. f4 Rb8 13. a3 Nec6 14. Ne2 d5 15. c3
Nb3 16. Qe3 Nxa1 17. Rxa1 Na5 18. exd5 exd5 19. Qe5+ Qf6 20. Qxb8 Bxh3 21. Qxb5
Bxg2 22. Kxg2 Qe7 23. Kf2 Re8 24. Qxa5 Qxe2+ 25. Kg1 Qxb2 26. Rd1 Re2 27. c4
Rg2+ 28. Kf1 Qf2# 0-1